| 000 | 00585nam a2200181Ia 4500 | ||
|---|---|---|---|
| 008 | 090123s9999 xx 000 0 und d | ||
| 082 | _b29607 | ||
| 100 | _aकेळकर उज्वला | ||
| 245 | _aझाले मोकळे आकाश | ||
| 250 | _a1 | ||
| 260 | _bप्रियांजली प्रकाशन | ||
| 300 | _a156 | ||
| 600 | _aकेळकर उज्वला | ||
| 630 | _aझाले मोकळे आकाश | ||
| 700 | _aकेळकर उज्वला | ||
| 730 | _aझाले मोकळे आकाश | ||
| 942 | _cBOOK | ||
| 999 |
_c68475 _d68475 |
||